Обслуживание по состоянию и автоматизация контроля авиационного и радиоэлектронного оборудования гражданской авиации: [межвузовский сборник научных трудов]

Bibliografiske detaljer
Sprog:russisk
Udgivet: Рига, [Б. и.], 1977
Fag:
Format: MixedMaterials Bog
KOHA link:https://koha.lib.tpu.ru/cgi-bin/koha/opac-detail.pl?biblionumber=132167

MARC

LEADER 00000nam0a2200000 4500
001 132167
005 20231031134731.0
035 |a (RuTPU)RU\TPU\book\143112 
090 |a 132167 
100 |a 20080227d1977 m y0rusy50 ca 
101 0 |a rus 
102 |a LV 
105 |a a z 001zy 
200 1 |a Обслуживание по состоянию и автоматизация контроля авиационного и радиоэлектронного оборудования гражданской авиации  |e [межвузовский сборник научных трудов] 
210 |a Рига  |c [Б. и.]  |d 1977 
215 |a 76 с.  |c ил. 
320 |a Библиография в конце работ. 
610 1 |a обслуживание 
610 1 |a состояние 
610 1 |a автоматизация 
610 1 |a авиационное оборудование 
610 1 |a радиоэлектронное оборудование 
610 1 |a авиация 
610 1 |a проверка 
610 1 |a сборники 
610 1 |a авиационные приборы 
675 |a 629.73  |v 3 
801 1 |a RU  |b 63413507  |c 20080227  |g PSBO 
801 2 |a RU  |b 63413507  |c 20081216  |g PSBO 
942 |c BK